|
|
|
|
| LEADER |
00000nam0a2200000 4500 |
| 001 |
262142 |
| 005 |
20231101233627.0 |
| 010 |
|
|
|a 5283039048
|
| 035 |
|
|
|a (RuTPU)RU\TPU\book\285124
|
| 090 |
|
|
|a 262142
|
| 100 |
|
|
|a 20140529d1988 k y0rusy50 ca
|
| 101 |
0 |
|
|a rus
|
| 102 |
|
|
|a RU
|
| 105 |
|
|
|a a z 001zy
|
| 200 |
1 |
|
|a Рентгеновская спектроскопия многозарядных ионов
|f В. А. Бойко [и др.]
|
| 210 |
|
|
|a Москва
|c Энергоатомиздат
|d 1988
|
| 215 |
|
|
|a 192 с.
|c ил.
|
| 320 |
|
|
|a Библиогр.: с. 186-190.
|
| 606 |
1 |
|
|a Рентгеноспектроскопия
|2 stltpush
|3 (RuTPU)RU\TPU\subj\53508
|9 71714
|
| 606 |
1 |
|
|a Спектроскопия атомная
|2 stltpush
|3 (RuTPU)RU\TPU\subj\55790
|9 73755
|
| 610 |
1 |
|
|a ионы многоразрядные
|
| 610 |
1 |
|
|a спектры
|
| 610 |
1 |
|
|a аппаратура
|
| 610 |
1 |
|
|a методы измерения
|
| 610 |
1 |
|
|a спектральные линии
|
| 610 |
1 |
|
|a волны
|
| 610 |
1 |
|
|a диапазоны
|
| 610 |
1 |
|
|a таблицы
|
| 610 |
1 |
|
|a атомная спектроскопия
|
| 675 |
|
|
|a 539.26
|v 3
|
| 675 |
|
|
|a 539.184
|v 3
|
| 701 |
|
1 |
|a Бойко
|b В. А.
|g Владимир Алексеевич
|
| 701 |
|
1 |
|a Пальчиков
|b В. Г.
|g Виталий Геннадьевич
|
| 701 |
|
1 |
|a Скобелев
|b И. Ю.
|g Игорь Юрьевич
|
| 701 |
|
1 |
|a Фаенов
|b А. Я.
|g Анатолий Яковлевич
|
| 801 |
|
1 |
|a RU
|b 63413507
|c 20140529
|
| 801 |
|
2 |
|a RU
|b 63413507
|c 20150323
|g RCR
|
| 942 |
|
|
|c BK
|